000 00768nmm a2200289 a 4500
003 AR-BaBNM
005 20251128203433.0
008 077019s1985 ||||||||||||||000 | spa||
020 _a950-9293-22-9
040 _cAR-BaBNM
100 1 _aPena de Matsushita, Marta E.
245 1 0 _aEl romanticismo político hispanoamericano
250 _a1ª ed.
260 _aBuenos Aires
_bDocencia
_c1985
300 _a527 p.
650 4 _aROMANTICISMO
650 4 _aFILOSOFIA POLITICA
650 4 _aCRITICA LITERARIA
650 4 _aLITERATURA LATINOAMERICANA
650 4 _aSIGLO DIECINUEVE
650 4 _aHISTORIA AMERICANA
653 _aPOLEMICAS LITERARIAS
655 _aLITERATURA
700 1 _aBiagini, Hugo E.
_eprologuista
942 _cBK
998 _cMARTIN
999 _c3389
_d3389